[Event "Kvika Reykjavik Open 2022"]
[Site "Reykjavik ISL"]
[Date "2022.04.08"]
[Round "4.8"]
[White "Hjartarson, Johann"]
[Black "Andersen, Mads"]
[Result "1/2-1/2"]
[WhiteTitle "GM"]
[BlackTitle "GM"]
[WhiteElo "2465"]
[BlackElo "2582"]
[WhiteFideId "2300044"]
[BlackFideId "1413864"]
[EventDate "2022.04.06"]

1. d4 d5 2. c4 dxc4 3. e3 Nf6 4. Bxc4 e6 5. Nf3 c5 6. O-O a6 7. Bd3 Nbd7 8. Qe2
b5 9. a4 c4 10. Bc2 Bb7 11. e4 Be7 12. Bg5 O-O 13. Nbd2 h6 14. Bh4 Qb6 15. Rfd1
Rfe8 16. e5 Nd5 17. Bxe7 Nxe7 18. Ne4 Bd5 19. Nd6 Rf8 20. Ra3 f5 21. Nh4 Nc8 22.
Nxc8 Rfxc8 23. Ng6 Qd8 24. Rg3 Nf8 25. Nf4 Ra7 26. Qd2 Kh8 27. h4 Rd7 28. h5 Qh4
29. axb5 axb5 30. Ra3 b4 31. Ra5 c3 32. bxc3 bxc3 33. Qe3 Bb7 34. Ra3 Rdc7 35.
Rc1 Qe7 36. Rb3 Qd7 37. Rb6 Ba8 38. Bb3 Rc6 39. Ba4 Qd8 40. Bxc6 Qxb6 41. Bxa8
Rxa8 42. Qxc3 Rd8 43. Rd1 Qb7 44. g3 Kg8 45. Qc4 Rc8 46. Qd3 Qc7 47. Ra1 Qb7 48.
d5 exd5 49. Qxf5 d4 50. e6 Re8 51. Rd1 Nh7 52. Rxd4 Ng5 53. Rd7 Qc6 54. e7 Nf3+
55. Kf1 Nh2+ 56. Kg1 Nf3+ 57. Kh1 Ne5+ 58. Rd5 Rxe7 59. Kh2 Nf3+ 60. Kh3 Ng5+
61. Kg4 Qa8 62. Qd3 Qc8+ 63. Kh4 Re8 64. Qb3 Kh8 65. Rb5 Qd8 66. Qd5 Qf6 67. Qf5
Qa1 68. Ng6+ Kg8 69. Ne7+ Kh8 70. Ng6+ Kg8 71. Rb1 Qd4+ 72. f4 Nf3+ 73. Kg4 Nh2+
74. Kh3 Nf3 75. Ne7+ Kh8 76. Ng6+ Kg8 77. Rb7 Qc4 78. Ne7+ Kh8 79. Ng6+ Kg8 80.
Qb5 Qe6+ 81. Kg2 Ne1+ 82. Kh2 Nf3+ 83. Kg2 Ne1+ 84. Kh2 Qa2+ 85. Kh3 Qg2+ 86.
Kg4 Qf3+ 87. Kh3 Qh1+ 88. Kg4 Qf3+ 89. Kh3 1/2-1/2

[Event "Kvika Reykjavik Open 2022"]
[Site "Reykjavik ISL"]
[Date "2022.04.08"]
[Round "4.10"]
[White "Williams, Simon K"]
[Black "Cornette, Matthieu"]
[Result "1/2-1/2"]
[WhiteTitle "GM"]
[BlackTitle "GM"]
[WhiteElo "2464"]
[BlackElo "2569"]
[WhiteFideId "404454"]
[BlackFideId "620084"]
[EventDate "2022.04.06"]

1. c4 e5 2. Nc3 Bb4 3. Nd5 Be7 4. d4 exd4 5. Nf3 Nf6 6. Nxd4 Nxd5 7. cxd5 O-O 8.
g3 c5 9. Nf5 d6 10. Nxe7+ Qxe7 11. Bg2 Nd7 12. O-O f5 13. Re1 Ne5 14. f4 Ng4 15.
e4 fxe4 16. Rxe4 Qc7 17. h3 Nf6 18. Re1 Bd7 19. Bd2 Rae8 20. Qc2 Qc8 21. Kh2 Bf5
22. Qc4 Rxe1 23. Rxe1 Re8 24. b4 Rxe1 25. Bxe1 Qe8 26. Bc3 b5 27. Qf1 c4 28.
Bxf6 gxf6 29. Qa1 Kf7 30. Qd4 Qe7 31. g4 Bd3 32. Bf3 h6 33. h4 Kg8 34. Kg2 Qe1
35. Qf2 Qxb4 36. Qe3 Kf8 37. Qe6 Qb2+ 38. Kg3 Qd4 39. Qxd6+ Kf7 40. Qe6+ Kg7 41.
Qe7+ Kg8 42. d6 Qg1+ 43. Bg2 Bf1 44. Qd8+ Kf7 45. Qc7+ Kf8 46. Qc8+ Kf7 47. Qb7+
Kf8 48. Qa8+ Kg7 1/2-1/2

[Event "Kvika Reykjavik Open 2022"]
[Site "Reykjavik ISL"]
[Date "2022.04.08"]
[Round "4.29"]
[White "Briem, Stephan"]
[Black "Baskin, Robert"]
[Result "1/2-1/2"]
[BlackTitle "IM"]
[WhiteElo "2048"]
[BlackElo "2393"]
[WhiteFideId "2312506"]
[BlackFideId "24662402"]
[EventDate "2022.04.06"]

1. d4 Nf6 2. c4 e6 3. Nc3 Bb4 4. e3 O-O 5. Ne2 Re8 6. a3 Bf8 7. Ng3 d5 8. Be2 b6
9. O-O Bb7 10. b4 dxc4 11. Bxc4 Nbd7 12. Bb2 c5 13. dxc5 bxc5 14. b5 Ne5 15. Be2
c4 16. Qc2 Qc7 17. Nce4 Nxe4 18. Nxe4 Rac8 19. Ng5 f5 20. Qc3 Ng4 21. Bxg4 fxg4
22. Qc2 g6 23. Bc3 Bg7 24. Bxg7 Qxg7 25. Rad1 c3 26. Rd4 Rc5 27. Ne4 Rh5 28. Rd7
Qe5 29. Ng3 Bc8 30. Rd3 Rg5 31. Rxc3 Bd7 32. a4 h5 33. Rc7 Qg7 34. Ne4 Rd5 35.
Nc5 Rc8 36. Nxd7 Rxc7 37. Qxc7 Rxd7 38. Qc8+ Kh7 39. Rc1 Kh6 40. a5 Qb2 41. b6
axb6 42. axb6 Rf7 43. Rf1 Qxb6 44. Qh8+ Rh7 45. Qf8+ Rg7 46. Qh8+ Rh7 47. Qf8+
Rg7 48. Qh8+ 1/2-1/2

[Event "Kvika Reykjavik Open 2022"]
[Site "Reykjavik ISL"]
[Date "2022.04.08"]
[Round "4.30"]
[White "Tania, Sachdev"]
[Black "White, Nigel"]
[Result "1-0"]
[WhiteTitle "IM"]
[WhiteElo "2392"]
[BlackElo "2018"]
[WhiteFideId "5007844"]
[BlackFideId "455830"]
[EventDate "2022.04.06"]

1. d4 Nf6 2. c4 e6 3. Nf3 d5 4. Nc3 Bb4 5. Qa4+ Nc6 6. Bg5 dxc4 7. e3 Bd7 8. Qc2
b5 9. Be2 O-O 10. a3 Bxc3+ 11. bxc3 a6 12. e4 Qe8 13. Ne5 Kh8 14. Bxf6 gxf6 15.
Ng4 Qe7 16. O-O Rg8 17. Ne3 Rg7 18. f4 Rag8 19. Bf3 Na5 20. Qf2 c6 21. Qh4 Re8
22. Ng4 e5 23. Nxf6 exd4 24. e5 Bf5 25. cxd4 Rd8 26. Rad1 c3 27. Qe1 c2 28. Qxa5
cxd1=Q 29. Rxd1 Rg6 30. Qxa6 Rxf6 31. exf6 Qxf6 32. Qxc6 Qe7 33. Qxb5 Bc2 34.
Rf1 Rxd4 35. Qe5+ Qxe5 36. fxe5 Kg7 37. Rc1 Bb3 38. Rc3 Be6 39. Kf2 Rh4 40. h3
Kg6 41. Bc6 Kf5 42. Rc5 h5 43. Ke3 Bb3 44. Bd7+ Be6 45. Bc6 Bb3 46. Bf3 Be6 47.
Bxh5 Ra4 48. Bg4+ Kg5 49. Bxe6 Rxa3+ 50. Kd4 fxe6 51. Rc2 Ra4+ 52. Kc5 Kf5 53.
Re2 Ra5+ 54. Kd6 Ra6+ 55. Ke7 Ra7+ 56. Kf8 Rb7 57. g4+ Kf4 58. Rf2+ Kxe5 59. g5
Rh7 60. Rf3 Ke4 61. g6 Rh8+ 62. Kg7 Rh4 63. Ra3 Kf5 64. Kf7 Rb4 65. Rf3+ Kg5 66.
Rg3+ Kh6 67. g7 Rb7+ 68. Kf6 1-0

[Event "Kvika Reykjavik Open 2022"]
[Site "Reykjavik ISL"]
[Date "2022.04.08"]
[Round "4.34"]
[White "Brunello, Marina"]
[Black "Unhjem, Bjorn Robert Lovoll"]
[Result "1-0"]
[WhiteTitle "IM"]
[WhiteElo "2337"]
[BlackElo "1939"]
[WhiteFideId "822590"]
[BlackFideId "1525948"]
[EventDate "2022.04.06"]

1. e4 c5 2. Nf3 d6 3. d4 cxd4 4. Nxd4 Nf6 5. Nc3 g6 6. Be3 Bg7 7. f3 O-O 8. Qd2
Nc6 9. O-O-O d5 10. exd5 Nxd5 11. Nxc6 bxc6 12. Bd4 Bxd4 13. Qxd4 Qa5 14. Nxd5
cxd5 15. Qxd5 Qc7 16. Qxa8 Bf5 17. Qxf8+ Kxf8 18. Bd3 Be6 19. Kb1 Qe5 20. Rde1
Qd6 21. h3 a5 22. a4 Qd5 23. b3 Qd4 24. Re4 Qc3 25. Rd1 Bd5 26. Re2 e5 27. Bb5
Be6 28. Bd7 e4 29. Bxe6 exf3 30. gxf3 fxe6 31. Rxe6 Qxf3 32. Rd3 Qf5 33. Red6
Qe4 34. R6d5 h5 35. Kb2 Qe1 36. Rc3 Qe7 37. Rxa5 Qf6 38. Rc5 g5 39. Ka2 g4 40.
hxg4 hxg4 41. Rc8+ 1-0

[Event "Kvika Reykjavik Open 2022"]
[Site "Reykjavik ISL"]
[Date "2022.04.08"]
[Round "4.36"]
[White "Steiner, Juraj"]
[Black "Heimisson, Hilmir Freyr"]
[Result "0-1"]
[BlackTitle "FM"]
[WhiteElo "2028"]
[BlackElo "2321"]
[WhiteFideId "367516"]
[BlackFideId "2309998"]
[EventDate "2022.04.06"]

1. d4 Nf6 2. c4 e6 3. Nc3 Bb4 4. e3 O-O 5. Bd3 d5 6. cxd5 exd5 7. Ne2 Re8 8. O-O
c6 9. Qc2 Bd6 10. f3 c5 11. Nb5 c4 12. Bf5 Nc6 13. Bxc8 Rxc8 14. Nxd6 Qxd6 15.
Bd2 b5 16. a3 a6 17. b4 cxb3 18. Qxb3 Nd7 19. a4 b4 20. a5 Rb8 21. Nf4 Rb5 22.
Rfb1 Reb8 23. Qd3 Nf8 24. Qf5 g6 25. Qd3 Ne6 26. Nxe6 Qxe6 27. e4 Qd7 28. e5 Qf5
29. Qe3 h5 30. Rc1 Nxa5 31. Bxb4 Nc4 32. Rxc4 dxc4 33. Be7 Rb1+ 34. Rxb1 Rxb1+
35. Kf2 Rb2+ 36. Kg3 Qc2 37. Kh4 Qxg2 38. Qe4 Kh7 39. Qd5 Qxh2+ 40. Kg5 Qg3+ 0-1

[Event "Kvika Reykjavik Open 2022"]
[Site "Reykjavik ISL"]
[Date "2022.04.08"]
[Round "4.51"]
[White "Klasinc, Kristjan"]
[Black "Louis, Thibault"]
[Result "0-1"]
[BlackTitle "FM"]
[WhiteElo "1779"]
[BlackElo "2181"]
[WhiteFideId "12966460"]
[BlackFideId "681369"]
[EventDate "2022.04.06"]

1. e4 e6 2. d3 d5 3. Nd2 Nf6 4. Ngf3 c5 5. g3 g6 6. Bg2 Bg7 7. O-O O-O 8. Re1
Nc6 9. c3 e5 10. exd5 Nxd5 11. Nc4 Re8 12. a4 h6 13. Qe2 g5 14. Nfd2 f5 15. Nb3
b6 16. Qf3 Be6 17. Qd1 Qd7 18. Qc2 Rad8 19. Ne3 f4 20. Nxd5 Bxd5 21. f3 Bf7 22.
Rd1 c4 23. Nd2 Qxd3 24. Qxd3 Rxd3 25. Re1 Na5 26. Bf1 Rdd8 27. Kf2 Re7 28. gxf4
gxf4 29. Bh3 Bf6 30. Rg1+ Kh8 31. Ne4 Bh4+ 32. Ke2 Nb3 33. Rb1 Bd5 34. Rg4 Bxe4
35. fxe4 f3+ 36. Kxf3 Rf7+ 37. Kg2 Rf2+ 38. Kh1 Rd1+ 39. Rg1 Rxc1 40. Rgxc1 Nxc1
41. Rxc1 Rxb2 42. Be6 Bg5 43. Rd1 Rc2 44. Bxc4 Rxc3 45. Bb5 Rc2 46. h3 Bf4 47.
Rd7 Rh2+ 48. Kg1 Rxh3 49. Rxa7 Re3 50. Bc6 h5 51. a5 bxa5 52. Rxa5 h4 53. Ra1
Kg7 54. Rf1 Re2 55. Rf3 Kf6 56. Kf1 Rd2 57. Bb7 Rd4 58. Kg2 Kg5 59. Bc6 Rd2+ 60.
Kg1 Kg4 61. Rf2 Be3 0-1

[Event "Kvika Reykjavik Open 2022"]
[Site "Reykjavik ISL"]
[Date "2022.04.08"]
[Round "4.57"]
[White "Zysko, Jan"]
[Black "Kumar, Sanjit S"]
[Result "1-0"]
[WhiteElo "2110"]
[BlackElo "1792"]
[WhiteFideId "1141589"]
[BlackFideId "468142"]
[EventDate "2022.04.06"]

1. d4 d5 2. c4 c6 3. Nc3 e6 4. e3 f5 5. Nf3 Nf6 6. Bd3 Bd6 7. O-O O-O 8. b3 Ne4
9. Ne2 Nd7 10. Bb2 Qf6 11. Qc1 g5 12. Ba3 Bxa3 13. Qxa3 h5 14. Bxe4 fxe4 15. Nd2
g4 16. Qd6 Rf7 17. Nf4 Nf8 18. cxd5 Rd7 19. Nxe4 Rxd6 20. Nxf6+ Kf7 21. Ne4 Rd8
22. dxc6 bxc6 23. Rfc1 Bd7 24. Nxh5 Kg6 1-0

[Event "Kvika Reykjavik Open 2022"]
[Site "Reykjavik ISL"]
[Date "2022.04.08"]
[Round "4.59"]
[White "Hallmundarson, Birkir"]
[Black "Ruiz Buendia, Miguel"]
[Result "0-1"]
[WhiteElo "1162"]
[BlackElo "2092"]
[WhiteFideId "2319446"]
[BlackFideId "24537675"]
[EventDate "2022.04.06"]

1. Nf3 c5 2. e4 d6 3. Bc4 Nf6 4. d3 e6 5. Bg5 a6 6. a4 Nc6 7. c3 Be7 8. O-O h6
9. Be3 d5 10. Ba2 dxe4 11. dxe4 Qxd1 12. Rxd1 Nxe4 13. Nbd2 Nxd2 14. Rxd2 O-O
15. Rad1 b5 16. Bb1 Bb7 17. Rd7 Rad8 18. Rxd8 Rxd8 19. Rxd8+ Nxd8 20. Nd2 Bd5
21. Be4 Nb7 22. axb5 axb5 23. Bxd5 exd5 24. Kf1 f5 25. Ke2 g5 26. f3 Kf7 27. h4
f4 28. Bf2 gxh4 29. Nb3 Ke6 30. Nc1 c4 31. Kd2 Nc5 32. Bd4 h5 33. Ne2 Nd3 34.
Bh8 Bf6 35. Bxf6 Kxf6 36. Nd4 b4 37. cxb4 Nxb4 38. Ne2 Ke5 39. Nc1 d4 40. Ne2
Nd5 41. b3 cxb3 42. Nc1 Ne3 43. Nd3+ Kf5 44. Kc1 Nxg2 45. Kb2 h3 46. Nf2 h2 47.
Kxb3 Ne1 48. Kc4 Nxf3 49. Kd3 Ke5 50. Ke2 Ng5 51. Kf1 Ne4 52. Nd3+ Kf5 53. Kg2
Ng3 54. Kxh2 Ke4 55. Nc5+ Ke3 56. Kg2 d3 57. Nb3 d2 58. Nxd2 Kxd2 59. Kf3 Ne2
60. Kf2 Nd4 61. Kf1 Ke3 62. Kg2 Ke2 63. Kh3 f3 64. Kg3 f2 65. Kf4 f1=Q+ 66. Ke4
Nf3 67. Kd5 Kd3 68. Ke6 Kd4 69. Kd6 Qa6+ 70. Kc7 Kd5 71. Kb8 Ne5 72. Kc7 Qc6+
73. Kb8 Nd7+ 74. Ka7 Qc7+ 75. Ka6 Qb6# 0-1

[Event "Kvika Reykjavik Open 2022"]
[Site "Reykjavik ISL"]
[Date "2022.04.08"]
[Round "4.60"]
[White "Bosboom, Ardin"]
[Black "Eedle, Eric F"]
[Result "1/2-1/2"]
[WhiteElo "2078"]
[BlackElo "1559"]
[WhiteFideId "1046454"]
[BlackFideId "429627"]
[EventDate "2022.04.06"]

1. d4 d5 2. c4 c6 3. Nf3 Nf6 4. Nc3 e6 5. e3 Nbd7 6. Qc2 Bd6 7. g4 h6 8. Rg1 Qe7
9. h4 dxc4 10. e4 e5 11. g5 hxg5 12. hxg5 Nh5 13. d5 Nb6 14. a4 a5 15. Be3 Qc7
16. Nd2 Nf4 17. dxc6 bxc6 18. Nxc4 Nxc4 19. Bxc4 Be6 20. Ne2 Bb4+ 21. Kd1 Rd8+
22. Kc1 Bxc4 23. Qxc4 Qd6 24. Kc2 Nxe2 25. Qxe2 Ke7 26. g6 f6 27. Qc4 Qe6 28.
Bc5+ Bxc5 29. Qxc5+ Qd6 30. Qxd6+ Kxd6 31. Rh1 Rxh1 32. Rxh1 Kc5 33. Rh7 Rd7 34.
Kc3 Kb6 35. Rh8 Rd4 36. f3 Rd7 37. Rf8 Rd1 38. Rf7 Rf1 39. Rxg7 Rxf3+ 40. Kd2
Rg3 41. Rg8 Kc5 42. g7 Kc4 43. b3+ Kc5 44. b4+ axb4 45. a5 b3 46. a6 b2 47. Kc2
Rg2+ 48. Kb1 Kc4 49. Rb8 Rxg7 50. Rb7 Rg8 51. a7 Ra8 52. Kxb2 Kd3 53. Rf7 Kxe4
54. Rxf6 Rxa7 55. Rxc6 Rd7 56. Ra6 Kf3 57. Kc3 e4 58. Rc6 e3 59. Rf6+ Ke2 60.
Rh6 Kf2 61. Rh8 e2 62. Rf8+ Ke1 63. Ra8 Rd5 64. Ra7 Kf2 65. Rf7+ Ke3 66. Re7+
Kf3 67. Rf7+ Ke4 68. Re7+ Re5 69. Rxe5+ Kxe5 70. Kd2 1/2-1/2

[Event "Kvika Reykjavik Open 2022"]
[Site "Reykjavik ISL"]
[Date "2022.04.08"]
[Round "4.61"]
[White "Foerster-Yialamas, Lucas"]
[Black "Stefansson, Benedikt"]
[Result "1-0"]
[WhiteTitle "CM"]
[WhiteElo "2075"]
[BlackElo "1493"]
[WhiteFideId "30901774"]
[BlackFideId "2312379"]
[EventDate "2022.04.06"]

1. e4 e6 2. d4 d5 3. Nc3 Bb4 4. e5 c5 5. a3 Bxc3+ 6. bxc3 Qc7 7. Qg4 Ne7 8. Qxg7
Rg8 9. Qxh7 cxd4 10. Ne2 dxc3 11. f4 Nbc6 12. h4 Bd7 13. h5 O-O-O 14. Qd3 d4 15.
h6 Rg6 16. h7 Rh8 17. Nxd4 Nxd4 18. Qxd4 Nf5 19. Qxa7 Rg7 20. Be3 b5 21. Rd1
Qxa7 22. Bxa7 Bc6 23. Rd3 Ng3 24. Rh2 Kb7 25. Bg1 Ne4 26. Rdh3 Rg4 27. Rh4 Rg7
28. Bd3 Rg3 29. Bf2 Rg7 30. Bd4 Kc7 31. Ke2 Rg3 32. R4h3 Rg4 33. Ke3 Nd2 34.
Bxc3 Nc4+ 35. Bxc4 bxc4 36. g3 Ba4 37. Kd4 Bb5 38. Bb4 Kd7 39. Kc5 Ba6 40. Kb6
Bc8 41. Rd2+ Ke8 42. Kc7 1-0

[Event "Kvika Reykjavik Open 2022"]
[Site "Reykjavik ISL"]
[Date "2022.04.08"]
[Round "4.65"]
[White "Vardaan, Nagpal"]
[Black "Schmidt, Kai-Uwe"]
[Result "1-0"]
[WhiteTitle "IM"]
[WhiteElo "2372"]
[BlackElo "1904"]
[WhiteFideId "25089544"]
[BlackFideId "4608755"]
[EventDate "2022.04.06"]

1. d4 Nf6 2. c4 g6 3. Nc3 Bg7 4. e4 O-O 5. Nge2 d6 6. f3 a6 7. Be3 Nbd7 8. Qd2
b5 9. cxb5 axb5 10. Nxb5 c6 11. Na3 e5 12. Nc3 d5 13. exd5 Nxd5 14. Nxd5 cxd5
15. Nc2 Re8 16. Kf2 Qh4+ 17. g3 Qf6 18. Be2 Ba6 19. Rhe1 Rec8 20. Bxa6 Rxa6 21.
Nb4 exd4 22. Bg5 Qd6 23. Bf4 1-0

[Event "Kvika Reykjavik Open 2022"]
[Site "Reykjavik ISL"]
[Date "2022.04.08"]
[Round "4.66"]
[White "Johansson, Carl Fredrik"]
[Black "Kolka, Dawid"]
[Result "1/2-1/2"]
[WhiteTitle "CM"]
[WhiteElo "2221"]
[BlackElo "1897"]
[WhiteFideId "1701576"]
[BlackFideId "2308010"]
[EventDate "2022.04.06"]

1. d4 d5 2. c4 c6 3. cxd5 cxd5 4. Nc3 Nf6 5. Bf4 Nc6 6. e3 a6 7. Bd3 Bg4 8. Nge2
e6 9. O-O Be7 10. Rc1 O-O 11. Na4 Rc8 12. Nc5 Bxc5 13. Rxc5 Qe7 14. Qc1 Bxe2 15.
Bxe2 Ne4 16. Rc2 g5 17. f3 gxf4 18. fxe4 fxe3 19. Bh5 Qh4 20. exd5 exd5 21. Qd1
Nxd4 22. Rxc8 Rxc8 23. Bxf7+ Kg7 24. g4 Rc4 25. Bxd5 e2 26. Rf7+ Kh8 27. Rf8+
Kg7 28. Rf7+ Kh8 29. Rf8+ Kg7 1/2-1/2

[Event "Kvika Reykjavik Open 2022"]
[Site "Reykjavik ISL"]
[Date "2022.04.08"]
[Round "4.67"]
[White "Povah, Nigel E"]
[Black "Bohlin, Jan"]
[Result "1-0"]
[WhiteTitle "IM"]
[WhiteElo "2216"]
[BlackElo "1849"]
[WhiteFideId "400467"]
[BlackFideId "1758616"]
[EventDate "2022.04.06"]

1. d4 d5 2. Bg5 h6 3. Bh4 c6 4. Nf3 Qb6 5. Qc1 Bf5 6. e3 e6 7. c4 dxc4 8. Bxc4
Be7 9. Bxe7 Nxe7 10. O-O O-O 11. Nc3 Nd7 12. h3 Nf6 13. Ne5 Rad8 14. Na4 Qc7 15.
Be2 Nd7 16. Nxd7 Qxd7 17. Nc5 Qc7 18. b4 Rb8 19. Qa3 a6 20. Rfc1 Rfd8 21. Qb2
Qd6 22. a4 Bg6 23. Ra3 Nd5 24. Rb3 Nf6 25. b5 axb5 26. axb5 cxb5 27. Rxb5 b6 28.
Na4 Be4 29. Rxb6 Rxb6 30. Qxb6 Qxb6 31. Nxb6 Rb8 32. Rc8+ Rxc8 33. Nxc8 Kf8 34.
Bb5 Bb1 35. f3 Ba2 36. e4 Ng8 37. Kf2 Ne7 38. Nb6 g5 39. Ke3 f5 40. Kd2 fxe4 41.
fxe4 Ng6 42. g3 Bb1 43. Nd7+ Ke7 44. Nc5 e5 45. Kc1 Ba2 46. d5 Kd6 47. Na4 Bb3
48. Nc3 Kc5 49. Kd2 Ne7 50. Bd7 Ng8 51. Ke3 Nf6 52. Bf5 Bc2 53. Ne2 Bb1 54. g4
Ba2 55. Ng1 Bc4 56. Nf3 Kd6 57. h4 gxh4 58. Nxh4 Bb5 59. Be6 Ba4 60. Nf5+ 1-0

[Event "Kvika Reykjavik Open 2022"]
[Site "Reykjavik ISL"]
[Date "2022.04.08"]
[Round "4.68"]
[White "Coursaget, Nicolas"]
[Black "Hermes, Geoff R"]
[Result "1-0"]
[WhiteTitle "FM"]
[WhiteElo "2180"]
[BlackElo "1837"]
[WhiteFideId "610127"]
[BlackFideId "423254"]
[EventDate "2022.04.06"]

1. d4 d6 2. Nf3 Bg4 3. c4 Bxf3 4. exf3 g6 5. Nc3 Bg7 6. Be3 Nh6 7. g4 Nd7 8. Qd2
Ng8 9. h4 h5 10. g5 e6 11. d5 exd5 12. cxd5 Ne7 13. Bh3 Nb6 14. Bd4 Nc4 15. Bxg7
Nxd2 16. Kxd2 Rh7 17. Bf6 Kf8 18. Rhe1 Kg8 19. Rxe7 1-0

[Event "Kvika Reykjavik Open 2022"]
[Site "Reykjavik ISL"]
[Date "2022.04.08"]
[Round "4.69"]
[White "Zheng, Harry Z"]
[Black "Mai, Alexander Oliver"]
[Result "1-0"]
[WhiteElo "1873"]
[BlackElo "2177"]
[WhiteFideId "460982"]
[BlackFideId "2313391"]
[EventDate "2022.04.06"]

1. e4 c5 2. Nf3 d6 3. d4 cxd4 4. Nxd4 Nf6 5. Nc3 Nc6 6. Bg5 e6 7. Qd2 a6 8.
O-O-O Bd7 9. f3 Nxd4 10. Qxd4 Be7 11. h4 Qc7 12. g4 b5 13. Be3 O-O 14. g5 Nh5
15. Rg1 Rfc8 16. Qb6 Qxb6 17. Bxb6 Nf4 18. Be3 Ng6 19. h5 Ne5 20. f4 Nc4 21.
Bxc4 Rxc4 22. Bd4 Rac8 23. Rg2 Bc6 24. g6 fxg6 25. hxg6 h6 26. b3 Rxc3 27. Bxc3
Bxe4 28. Re2 Bxg6 29. Rxe6 Kf7 30. Rde1 Bh4 31. R1e3 Rxc3 32. Rxc3 Kxe6 33. Rc6
Bg3 34. Rxa6 h5 35. a4 h4 36. axb5 h3 37. Ra8 h2 38. Rh8 Bxf4+ 39. Kd1 Bh6 40.
Rxh6 gxh6 41. Kc1 h1=Q+ 42. Kb2 Qe4 43. Ka1 Qxc2 44. b6 Qb1# 1-0

[Event "Kvika Reykjavik Open 2022"]
[Site "Reykjavik ISL"]
[Date "2022.04.08"]
[Round "4.70"]
[White "Sigurthorsson, Kristinn J"]
[Black "Karason, Askell O"]
[Result "0-1"]
[BlackTitle "IM"]
[WhiteElo "1818"]
[BlackElo "2166"]
[WhiteFideId "2311585"]
[BlackFideId "2300567"]
[EventDate "2022.04.06"]

1. d4 d6 2. c4 e5 3. d5 f5 4. Nc3 Nf6 5. g3 g6 6. Bg2 Bg7 7. e4 O-O 8. Nge2 Nbd7
9. Qc2 Nc5 10. b4 Ncxe4 11. Nxe4 Nxe4 12. Bxe4 fxe4 13. Nc3 Bf5 14. Be3 c6 15.
Rd1 cxd5 16. Rxd5 Bg4 17. O-O Bf3 18. h3 Rf5 19. g4 Qh4 20. Kh2 Bxg4 21. Qxe4
Qxh3+ 22. Kg1 Bf3 0-1

[Event "Kvika Reykjavik Open 2022"]
[Site "Reykjavik ISL"]
[Date "2022.04.08"]
[Round "4.71"]
[White "Haraldsson, Sigurjon"]
[Black "Kull, Florian"]
[Result "1-0"]
[WhiteElo "1806"]
[BlackElo "2138"]
[WhiteFideId "2303655"]
[BlackFideId "4637097"]
[EventDate "2022.04.06"]

1. d4 Nf6 2. c4 e6 3. Nf3 d5 4. Nc3 dxc4 5. e3 a6 6. Bxc4 b5 7. Bd3 Bb7 8. O-O
c5 9. dxc5 Bxc5 10. Ne1 O-O 11. a3 Qc7 12. Ne2 Nbd7 13. b4 Bd6 14. Ng3 Rfd8 15.
Bb2 Ne5 16. Rc1 Qe7 17. Qe2 Rac8 18. Rxc8 Rxc8 19. Nf3 Nxf3+ 20. gxf3 Nd7 21. f4
Qh4 22. Rd1 Nf6 23. f3 Nd5 24. Be4 g5 25. Nf5 exf5 26. Bxd5 Bc6 27. Qd2 gxf4 28.
Qg2+ Kf8 29. Qg7+ Ke8 30. Qxf7+ Kd8 31. Bf6+ 1-0

[Event "Kvika Reykjavik Open 2022"]
[Site "Reykjavik ISL"]
[Date "2022.04.08"]
[Round "4.72"]
[White "Sigeman, Johan"]
[Black "Thomas, Kenneth"]
[Result "1/2-1/2"]
[WhiteElo "2136"]
[BlackElo "1834"]
[WhiteFideId "1705601"]
[BlackFideId "2022761"]
[EventDate "2022.04.06"]

1. d4 Nf6 2. c4 e6 3. g3 d5 4. Bg2 Be7 5. Nf3 O-O 6. O-O Nbd7 7. Nc3 c6 8. b3 b6
9. Bb2 Bb7 10. Qc2 Rc8 11. e4 Qc7 12. Rad1 Rfd8 13. e5 Ne8 14. Rfe1 Qb8 15. Qb1
Nc7 16. cxd5 Nxd5 17. Ne4 c5 18. Neg5 Nf8 19. dxc5 bxc5 20. Bf1 h6 21. Ne4 Bc6
22. Nfd2 Nb6 23. Qc2 Nbd7 24. Nc4 Bxe4 25. Qxe4 Nb6 26. Bd3 Nxc4 27. Bxc4 Rxd1
28. Rxd1 Rd8 29. Rd3 Rxd3 30. Qxd3 Qb7 31. f3 Kh8 32. Kf2 Kg8 33. Ke3 Qb6 34.
Bc3 Qc7 35. Qe4 h5 36. f4 g6 37. h3 Qd7 38. Ke2 Qc7 39. Ke3 Bd8 40. g4 hxg4 41.
hxg4 Qe7 42. Qh1 Bc7 43. Qh6 Qd8 44. Qh1 1/2-1/2

[Event "Kvika Reykjavik Open 2022"]
[Site "Reykjavik ISL"]
[Date "2022.04.08"]
[Round "4.73"]
[White "De Coninck, Rafael"]
[Black "Labrovic, Jakov"]
[Result "1-0"]
[WhiteElo "2119"]
[BlackElo "1806"]
[WhiteFideId "204501"]
[BlackFideId "14549786"]
[EventDate "2022.04.06"]

1. d4 Nf6 2. Nf3 e6 3. c4 d5 4. Nc3 Bb4 5. Qb3 Qe7 6. Bg5 Bxc3+ 7. bxc3 c6 8.
cxd5 exd5 9. Bc1 Nbd7 10. Ba3 Qd8 11. c4 Qb6 12. Qe3+ Ne4 13. Nd2 Qa5 14. cxd5
cxd5 15. Rc1 Qxd2+ 16. Qxd2 Nxd2 17. Kxd2 Kd8 18. e3 Nf6 19. Bd3 Bd7 20. f3 Bc6
21. g4 g6 22. h4 h5 23. g5 Nd7 24. e4 Nf8 25. Bd6 Ne6 26. Be5 Re8 27. exd5 Bxd5
28. Be4 Bxe4 29. fxe4 Kd7 30. Rhf1 Ke7 31. d5 Nd8 32. Kd3 Kf8 33. Bf6 Re7 34.
Bxe7+ Kxe7 35. e5 Kd7 36. Rf6 a5 37. Rd6+ Ke8 38. Rc7 a4 39. a3 Rb8 40. Rdd7 b5
41. e6 fxe6 42. Rh7 1-0

[Event "Kvika Reykjavik Open 2022"]
[Site "Reykjavik ISL"]
[Date "2022.04.08"]
[Round "4.74"]
[White "Karlsson, Mikael Johann"]
[Black "Thorisson, Benedikt"]
[Result "1/2-1/2"]
[WhiteElo "2119"]
[BlackElo "1778"]
[WhiteFideId "2305194"]
[BlackFideId "2314576"]
[EventDate "2022.04.06"]

1. c4 e5 2. g3 Nf6 3. Bg2 d5 4. cxd5 Nxd5 5. Nf3 Nc6 6. O-O Nb6 7. b3 Be6 8. Bb2
f6 9. d3 Qd7 10. Re1 O-O-O 11. Nbd2 g5 12. Ne4 Be7 13. Rc1 h5 14. Nc5 Bxc5 15.
Rxc5 h4 16. a4 hxg3 17. fxg3 g4 18. Nd2 Nd4 19. a5 Nd5 20. e3 Nb4 21. Be4 Ndc6
22. a6 b6 23. Rc3 Bd5 24. Qe2 f5 25. Bxf5 Qxf5 26. e4 Qh5 27. exd5 Nd4 28. Qg2
Nf3+ 29. Nxf3 gxf3 30. Qf2 Rxd5 31. d4 exd4 32. Rxf3 Nxa6 33. Bxd4 Rhd8 34. Bf6
R8d7 35. Qe2 Nc5 36. b4 Rd3 37. Qe8+ Qxe8 38. Rxe8+ Kb7 39. Rxd3 Nxd3 40. Bc3 c5
41. bxc5 Nxc5 42. h4 Rd3 43. Be5 Re3 44. Rb8+ Kc6 45. Bf4 Re7 46. h5 a5 47. h6
Nd7 48. Rg8 Kd5 49. Bg5 Rf7 50. Rg7 Ke6 51. h7 Rxg7 52. h8=Q Rxg5 53. Qh6+ Kf5
54. Qh3+ Rg4 55. Qh5+ Rg5 56. g4+ Kf6 57. Qh6+ Rg6 58. Qf4+ Ke7 59. Kg2 Nf8 60.
Qf5 Rf6 61. Qe4+ Kf7 62. Kg3 Rg6 63. Qb7+ Kg8 64. Kf4 a4 65. Kf5 a3 66. Qa7 a2
67. Qxa2+ Kg7 68. Qa7+ Kh6 69. Qf7 Rg5+ 70. Kf4 Ng6+ 71. Kg3 Rxg4+ 72. Kh3 Rh4+
73. Kg3 Rg4+ 74. Kh3 1/2-1/2